| 000 | 03760cam a2200313 i 4500 | ||
|---|---|---|---|
| 001 | 991107393860006196 | ||
| 005 | 20251001144745.0 | ||
| 008 | 230806t20232023fr 000 1 fre d | ||
| 020 | _a9782073034809 | ||
| 035 | _a(OCoLC)1395541710 | ||
| 035 | _a(Fr-PaAMA)AAL08293758-0001 | ||
| 040 |
_aFr-PaAMA _beng _erda _ctbs |
||
| 050 | 4 |
_aPQ2703.H352 _bC4 2023 |
|
| 100 |
_aChacour, Eric _d1983- _eauthor. |
||
| 245 | 1 | 0 |
_aCe que je sais de toi _b: roman _c/ Eric Chacour. |
| 264 | 1 |
_aParis : _bPhilippe Rey, _c[2023] |
|
| 300 |
_a301 pages ; _c22 cm |
||
| 520 | _aUn premier roman à l'écriture ciselée et aux multiples rebondissements, l'histoire d'une vie bouleversée par l'amour et un vent de liberté. Le Caire, années 1980. La vie bien rangée de Tarek est devenue un carcan. Jeune médecin ayant repris le cabinet médical de son père, il partage son existence entre un métier prenant et le quotidien familial où se côtoient une discrète femme aimante, une matriarche autoritaire follement éprise de la France, une sœur confidente et la domestique, gardienne des secrets familiaux. L'ouverture par Tarek d'un dispensaire dans le quartier défavorisé du Moqattam est une bouffée d'oxygène, une reconnexion nécessaire au sens de son travail. Jusqu'au jour où une surprenante amitié naît entre lui et un habitant du lieu, Ali, qu'il va prendre sous son aile. Comment celui qui n'a rien peut-il apporter autant à celui qui semble déjà tout avoir ? Un vent de liberté ne tarde pas à ébranler les certitudes de Tarek et bouleverse sa vie. Premier roman servi par une écriture ciselée, empreint d'humour, de sensualité et de délicatesse, Ce que je sais de toi entraîne le lecteur dans la communauté levantine d'un Caire bouillonnant, depuis le règne de Nasser jusqu'aux années 2000. Au fil de dévoilements successifs distillés avec brio par une audacieuse narration, il décrit un clan déchiré, une société en pleine transformation, et le destin émouvant d'un homme en quête de sa vérité. | ||
| 520 | _aA debut novel with finely honed prose and countless twists and turns — the story of a life upended by love and a breeze of freedom. Cairo, 1980s. Tarek’s orderly life has become a straitjacket. A young doctor who has taken over his father’s practice, he divides his days between a demanding profession and the family routine, where a discreet and loving wife, a domineering matriarch madly in love with France, a confidante sister, and the housemaid — guardian of family secrets — all coexist. The opening of a clinic by Tarek in the underprivileged Moqattam neighbourhood offers a breath of fresh air, a much-needed reconnection with the purpose of his work. Until one day, a surprising friendship begins between him and a local resident, Ali, whom he takes under his wing. How can someone who has nothing give so much to someone who seems to have it all? A wind of freedom soon begins to shake Tarek’s certainties and turn his life upside down. This debut novel, carried by finely chiselled prose, laced with humour, sensuality, and delicacy, draws the reader into the Levantine community of a vibrant Cairo, from the Nasser era to the early 2000s. Through successive revelations brilliantly woven into a bold narrative, it portrays a torn clan, a society in flux, and the moving fate of a man in search of his own truth. | ||
| 650 | 0 |
_aSocial change _zEgypt |
|
| 650 | 0 |
_aLove stories _925014 |
|
| 650 | 0 |
_aExiles _925013 |
|
| 650 | 0 |
_aCultural conflict _925012 |
|
| 651 | 0 |
_aEgypt _2History _vFiction _y20th century |
|
| 655 | 0 |
_aHistorical fiction _922722 |
|
| 942 | _2lcc | ||
| 949 |
_aPQ2703.H352 C4 2023Y _c1 _i31761111754388 _mROBARTS _lSTACKS _tBOOK |
||
| 960 | _aCHA-AP JUN 2024 | ||
| 999 |
_c4572 _d4572 |
||